00810nam a2200217 a 4500008004100000020001500041050001800056100001800074245003700092250001200129260005100141300002200192350000900214490005300223500001800276650002300294700001900317995010500336999001700441952013400458120416s1975 ||||||||||||||||| || u a0137742088 aHF 5415.2 Gre aGreen, Paul E10aResearch for marketing decisions a3rd ed. aEnglewood Cliffs, N.J. :bPrentice-Hallc1975. axiv, 786p. : ill. a0.00 aPrentice-Hall international series in management aBibliography. 0aMARKETING RESEARCH aTull, Donald S D0.00FCBU-MAIN LIBRARY (Kitwe)H1I24.85UDAMAGEDWMay 31, 2006ZMain Library Open Access Collection c56299d56299 00102lcc4070a001b001cMain Library Open Access Collectiond2022-11-30l0oHF 5415.2 Grep005683r2022-11-30w2022-11-30y002